000 01239nam a2200337 a 4500
001 80168
003 BD-RjUL
005 20220804110127.0
008 220804s2021 nyua b 001 0 eng d
020 _a9781319381493
_qpaperback
035 _a(BD-RjUL)80168
040 _aUkOxU
_beng
_erda
_cUkOxU
_dBD-RjUL
041 _aeng
082 _223
_a572
_bNEL 2021
100 1 _aNelson, David L.
_q(David Lee),
_d1942-
_eauthor.
_94271
245 1 0 _aLehninger Principles of biochemistry /
_cDavid L. Nelson, Michael M. Cox, Aaron A. Hoskins.
246 3 0 _aPrinciples of biochemistry
250 _aEighth edition
264 1 _aNew York :
_bMacmillan International Higher Education,
_c©2021.
300 _axxxiii, 1096, AS-36, G-21, I-48, R-3 pages :
_billustrations ;
_c28 cm.
500 _aPrevious edition 2017.
504 _aIncludes bibliographical references and index.
650 0 _aBiochemistry.
_94192
650 0 _aBiochemistry
_vProblems, exercises, etc.
_94272
650 2 _aBiochemical Phenomena
_xphysiology.
_94273
650 2 _aBiochemical Phenomena
_xgenetics.
_94274
650 2 _aEnergy Metabolism.
_94275
700 1 _aCox, Michael M.,
_eauthor.
_94276
700 1 _aHoskins, Aaron A.,
_eauthor.
_94277
942 _2ddc
_cBK
999 _c80168
_d80168